000 00670nam a22002417a 4500
003 UA-OsUOA
001 42122
007 ta
008 20061026b un ||||| |||| 00| 0 ukr d
100 _aПчілка О.
090 _a821.161.2
_bП92
942 _cBK
040 _aUA-OsUOA
_bukr
_cUA-OsUOA
_dUA-OsUOA
245 _aВикинуті українці
_bДо жидівсько-української справи
300 _a352 с.
955 _a3
041 _aukr
080 _a821.161.2
020 _a966-608-533-Х
260 _aК.
_bМАУП
_c2006
650 7 _a82 Література. Літературознавство
_2UDC
999 _c328249
_d328249